Detekcia útokov s využitím stavových jazykov

Na minha lista:
Detalhes bibliográficos
Autor principal: Fusatý, Michal (Author)
Outros Autores: Balogh, Štefan (Thesis advisor)
Formato: Manuscrito Livro
Idioma:eslovaco
Publicado em: Bratislava : STU v Bratislave FEI, 2023
Assuntos:
Acesso em linha:https://opac.crzp.sk/?fn=detailBiblioFormChildMDF73&sid=C0DEB8E07572332BAD240C15805F&seo=CRZP-detail-kniha
Tags: Adicionar Tag
Sem tags, seja o primeiro a adicionar uma tag!

MARC

LEADER 00000ntm a22000003a 4500
001 stuzp91934
003 SK-STU
005 20241210120832.6
007 ta
008 150427s2015----xo-----f-mn---000-0-slo-d
040 |a STU  |b slo 
041 0 |a slo 
044 |a xo 
100 1 |a Fusatý, Michal  |u 035000  |k Z4  |4 aut  |U FEI Fakulta elektrotechniky a informatiky  |T FEI Ústav informatiky a matematiky  |X 97774  |U E050  |Y 816  |7 97774 
242 0 1 |a Attack detection using state languages  |y eng 
245 1 0 |a Detekcia útokov s využitím stavových jazykov 
260 |a Bratislava :  |b STU v Bratislave FEI,  |c 2023 
300 |a 87 s. 
650 4 |a stavové jazyky  |2 slo 
650 4 |a ASTD  |2 slo 
650 4 |a kybernetický útok  |2 slo 
650 4 |a detekcia  |2 slo 
650 4 |a detection  |2 eng 
650 4 |a cyberattack  |2 eng 
650 4 |a state language  |2 eng 
650 4 |a ASTD  |2 eng 
700 1 |a Balogh, Štefan  |u 035000  |k Z1  |4 ths  |U FEI Fakulta elektrotechniky a informatiky  |T FEI Ústav informatiky a matematiky  |X 30190  |U E050  |Y 816  |7 A000030190 
856 4 |u https://opac.crzp.sk/?fn=detailBiblioFormChildMDF73&sid=C0DEB8E07572332BAD240C15805F&seo=CRZP-detail-kniha